Fundamentos de conservación biológica : (Registro nro. 3844)

Detalles MARC
000 -CABECERA
Campo de control 01156nam a2200313 i 4500
005 - FECHA Y HORA DE LA ULTIMA TRANSACCION
Campo de control 20160115040113.0
008 - ELEMENTOS DE LONGITUD FIJA—INFORMACION GENERAL
Campo de control 160115s2001 mx |r||| |||| 00spa dpa d
040 ## - FUENTE DE CATALOGACIÓN
Agencia catalogadora original CO-BoIAVH
Agencia transcriptora CO-BoIAVH
041 ## - IDIOMA
Código de idioma para texto/pista de sonido o título separado Español
044 ## - PAÍS DE PUBLICACIÓN
País de publicación México
082 04 - NUMERO DE CLASIFICACION DECIMAL DEWEY
Número de clasificación 333.72
Número del ítem P95f
100 1# - ASIENTO PRINCIPAL--NOMBRE PERSONAL
Nombre personal Primack, Richard
9 (RLIN) 51058
245 10 - MENCION DE TITULO
Título Fundamentos de conservación biológica :
Parte restante del título perspectivas latinoamericanas /
Mención de responsabilidad Richard Primack y (otros cuatro autores).
260 ## - PUBLICACION, DISTRIBUCION, ETC. (PIE DE IMPRENTA)
Lugar de publicación, distribución, etc. México :
Nombre del editor, distribuidor, etc. Fondo de Cultura Económica ;
Fecha de publicación, distribución, etc. 2001.
300 ## - DESCRIPCION FISICA
Extensión 797 p.
650 14 - ASIENTO SECUNDARIO DE MATERIA - TERMINO TEMATICO
Término temático o nombre geográfico como elemento de entrada Diversidad biológica
Subdivisión geográfica América Latina
9 (RLIN) 51059
650 24 - ASIENTO SECUNDARIO DE MATERIA - TERMINO TEMATICO
Término temático o nombre geográfico como elemento de entrada Conservación biológica
Subdivisión geográfica América Latina
9 (RLIN) 51060
650 24 - ASIENTO SECUNDARIO DE MATERIA - TERMINO TEMATICO
Término temático o nombre geográfico como elemento de entrada Conservación de especies
Subdivisión geográfica América Latina
9 (RLIN) 51061
650 24 - ASIENTO SECUNDARIO DE MATERIA - TERMINO TEMATICO
Término temático o nombre geográfico como elemento de entrada Áreas protegidas
Subdivisión geográfica América Latina
9 (RLIN) 51062
650 24 - ASIENTO SECUNDARIO DE MATERIA - TERMINO TEMATICO
Término temático o nombre geográfico como elemento de entrada Desarrollo sostenible
Subdivisión geográfica América Latina
9 (RLIN) 51063
650 24 - ASIENTO SECUNDARIO DE MATERIA - TERMINO TEMATICO
Término temático o nombre geográfico como elemento de entrada Fauna
Subdivisión general Conservación
9 (RLIN) 51064
650 24 - ASIENTO SECUNDARIO DE MATERIA - TERMINO TEMATICO
Término temático o nombre geográfico como elemento de entrada Flora
Subdivisión general Conservación
9 (RLIN) 51065
700 ## - ASIENTO SECUNDARIO - NOMBRE PERSONAL
Nombre personal Rozzi, Ricardo,
Término de relación autor.
9 (RLIN) 51066
700 ## - ASIENTO SECUNDARIO - NOMBRE PERSONAL
Nombre personal Feinsinger, Peter
Término de relación autor.
9 (RLIN) 4161
700 ## - ASIENTO SECUNDARIO - NOMBRE PERSONAL
Nombre personal Dirzo, Rodolfo
Término de relación autor.
9 (RLIN) 20484
700 ## - ASIENTO SECUNDARIO - NOMBRE PERSONAL
Nombre personal Massardo, Francisca
Término de relación autor.
9 (RLIN) 51067
942 ## - ELEMENTOS ADICIONALES (KOHA)
Tipo de ítem Libro
Sistema de clasificación Dewey Decimal Classification
945 ## - PROCESAMIENTO LOCAL
AAAA-MM-DD - Fecha de ingreso o modificacion 2004-05-14
Existencias
Withdrawn status Lost status Sistema de Clasificación Damaged status No para préstamo Colección Inventariado Ubicación Permanente Ubicación actual Fecha de adquisición Fuente de Valor Valor Total Checkouts Número topográfico Inventario / Código de Barras Date last seen Ejemplar Price effective from Forma de adquisición Tipo de material
    Dewey Decimal Classification     General Inventariado 2017 Bogotá Bogotá 14/05/2004 Instituto 39000.00   LB-333.72 P95f 015713 04/12/2012 Ej. 1 04/12/2012   Libro
    Dewey Decimal Classification     General Inventariado 2017 Sala Fabio Quevedo Sala Fabio Quevedo 25/07/2016 Instituto 39000.00   LB-333.72 P95f 039785 25/07/2016 Ej. 2 25/07/2016 Donación Libro